[Event "Sparkassen-Open B"]
[Site "Heusenstamm, Martinsee"]
[Date "2018.11.24"]
[Round "4.33"]
[White "Burkart, Lloyd Shang"]
[Black "Pomrehn, Ole Magnus"]
[Result "1/2-1/2"]
[WhiteElo "1157"]
[BlackElo "1533"]
[PlyCount "44"]
[EventDate "2018.??.??"]
[WhiteTeam "TuS Makkabi"]
[BlackTeam "SC Nidderau"]

1. d4 g6 2. e4 Bg7 3. Nc3 d6 4. Nge2 Nd7 5. g3 b6 6. Bg2 Bb7 7. O-O e6 8. Be3
Ne7 9. Qd2 h6 10. Rad1 c6 11. Rfe1 Rc8 12. f4 f5 13. e5 d5 14. Nc1 O-O 15. Nb3
Rc7 16. Qf2 Qa8 17. Na4 Rfc8 18. Bf1 a6 19. Rc1 Bf8 20. a3 Kf7 21. c4 Ng8 22.
c5 Qa7 1/2-1/2

[Event "Sparkassen-Open B"]
[Site "Heusenstamm, Martinsee"]
[Date "2018.11.24"]
[Round "4.35"]
[White "Tiggemann, Felix"]
[Black "Häfner, Günther"]
[Result "1/2-1/2"]
[WhiteElo "1514"]
[BlackElo "1261"]
[PlyCount "48"]
[EventDate "2018.??.??"]
[WhiteTeam "SF Schöneck"]
[BlackTeam "Berkershm"]

1. e4 d5 2. exd5 Qxd5 3. d4 Nf6 4. Nc3 Qd8 5. Bd3 Nc6 6. Be3 Bg4 7. Nge2 g6 8.
Qd2 Qd7 9. Ng3 e6 10. h3 Bf5 11. Nxf5 gxf5 12. O-O-O O-O-O 13. Be2 Bd6 14. Bh6
Be7 15. Bf3 Qxd4 16. Qxd4 Rxd4 17. Be3 Rxd1+ 18. Rxd1 a6 19. Na4 Rd8 20. Nc5
Nd5 21. Nb3 Nxe3 22. Rxd8+ Bxd8 23. fxe3 Bg5 24. Kd2 Ne5 1/2-1/2

[Event "Sparkassen-Open B"]
[Site "Heusenstamm, Martinsee"]
[Date "2018.11.24"]
[Round "4.36"]
[White "Gräf, Kilian Gabriel"]
[Black "Stollreiter, Marc"]
[Result "0-1"]
[WhiteElo "1535"]
[BlackElo "1204"]
[PlyCount "114"]
[EventDate "2018.??.??"]
[WhiteTeam "SV Frankfurt Nord"]
[BlackTeam "Kölner SK Dr. Lasker"]

1. d4 d5 2. c4 c6 3. Nf3 Nf6 4. Nc3 g6 5. Bg5 Bg7 6. e3 h6 7. Bf4 Nbd7 8. Bd3
dxc4 9. Bxc4 Nh5 10. Ne2 Nxf4 11. Nxf4 Nb6 12. Bb3 Nd5 13. Bxd5 cxd5 14. Rc1
O-O 15. O-O Qa5 16. Qb3 e6 17. Rc5 Qd8 18. Rfc1 b6 19. Rc7 Ba6 20. Qa4 Bc4 21.
Rxa7 Rxa7 22. Qxa7 Qb8 23. Qxb8 Rxb8 24. b3 Ba6 25. Rc6 Bf8 26. Ne5 Rc8 27.
Rxc8 Bxc8 28. Kf1 Ba6+ 29. Ke1 Bb5 30. Kd1 Bd6 31. g3 g5 32. Nfd3 f6 33. Nd7
Bxd3 34. Nxf6+ Kf7 35. Nd7 b5 36. Nc5 Bxc5 37. dxc5 b4 38. Kc1 Ke7 39. Kb2 e5
40. a3 bxa3+ 41. Kxa3 Kd7 42. b4 Bb5 43. Kb3 Ke6 44. g4 d4 45. e4 Kd7 46. Kc2
Bc4 47. Kd2 Kc6 48. Kc1 Kb5 49. Kd2 Kxb4 50. c6 Be6 51. h3 Kc5 52. c7 Kc6 53.
c8=Q+ Bxc8 54. Kd3 Ba6+ 55. Kd2 Kc5 56. Kc2 Bf1 57. Kd2 Bxh3 0-1

[Event "Sparkassen-Open B"]
[Site "Heusenstamm, Martinsee"]
[Date "2018.11.24"]
[Round "4.37"]
[White "Wöhl, Torsten"]
[Black "Richter, Johannes"]
[Result "1-0"]
[WhiteElo "1529"]
[BlackElo "1203"]
[PlyCount "31"]
[EventDate "2018.??.??"]
[WhiteTeam "SC Groß-Zimmern"]
[BlackTeam "Berkershm"]

1. d4 Nf6 2. Bf4 d6 3. e3 g6 4. Nd2 Bg7 5. Be2 O-O 6. h4 h5 7. c3 Bf5 8. Bf3 c6
9. Ne2 Nbd7 10. Ng3 Bg4 11. Qb3 Rb8 12. Bxg4 Nxg4 13. Nge4 b5 14. Nxd6 e5 15.
Bg3 Kh8 16. Nxf7+ 1-0

[Event "Sparkassen-Open B"]
[Site "Heusenstamm, Martinsee"]
[Date "2018.11.24"]
[Round "4.39"]
[White "Brunner, Andreas"]
[Black "Leichum, Engelbert"]
[Result "0-1"]
[WhiteElo "1437"]
[BlackElo "1700"]
[PlyCount "42"]
[EventDate "2018.??.??"]
[WhiteTeam "Berkershm"]
[BlackTeam "vereinslos"]

1. d4 Nf6 2. c4 e5 3. e3 e4 4. Nc3 Bb4 5. a3 Bxc3+ 6. bxc3 d6 7. Ne2 Bg4 8. Qb3
b6 9. Nf4 Nc6 10. Qb5 Bd7 11. Qg5 O-O 12. Nh5 Nxh5 13. Qxh5 Ne7 14. a4 Ng6 15.
a5 c5 16. a6 f5 17. Be2 Nh4 18. O-O Be8 19. Qxe8 Qxe8 20. Rd1 Qg6 21. dxc5
Qxg2# 0-1

[Event "Sparkassen-Open B"]
[Site "Heusenstamm, Martinsee"]
[Date "2018.11.24"]
[Round "4.40"]
[White "Gude, Michael"]
[Black "Tobias, Christian"]
[Result "1-0"]
[WhiteElo "1666"]
[BlackElo "1416"]
[PlyCount "67"]
[EventDate "2018.??.??"]
[WhiteTeam "SF Fürth"]
[BlackTeam "SV Oberursel"]

1. e4 e5 2. Nf3 Nc6 3. Bc4 Bc5 4. c3 Nf6 5. d3 O-O 6. O-O d6 7. h3 a6 8. Bb3
Na5 9. Bc2 c6 10. b4 Bb6 11. bxa5 Bxa5 12. Bb3 Re8 13. Be3 d5 14. Qc2 dxe4 15.
dxe4 Qc7 16. Nbd2 b5 17. a4 Be6 18. axb5 cxb5 19. Bxe6 Rxe6 20. c4 Bxd2 21.
Nxd2 bxc4 22. Qxc4 Qxc4 23. Nxc4 Nxe4 24. Ra5 f6 25. Rfa1 Rc6 26. Nb6 Ra7 27.
Rxa6 Rxa6 28. Rxa6 Nd6 29. Ra8+ Kf7 30. Nd7 g5 31. g4 Rc8 32. Ra7 Kg6 33. Bc5
Ne4 34. Nf8+ 1-0

[Event "Sparkassen-Open B"]
[Site "Heusenstamm, Martinsee"]
[Date "2018.11.24"]
[Round "4.41"]
[White "Uphoff, Jürgen"]
[Black "Scheerer, Julian"]
[Result "1/2-1/2"]
[WhiteElo "1581"]
[BlackElo "1364"]
[PlyCount "72"]
[EventDate "2018.??.??"]
[WhiteTeam "vereinslos"]
[BlackTeam "SV 1934 Ffm-Griesheim"]

1. f4 d5 2. Nf3 Nf6 3. e3 c5 4. b3 g6 5. Bb2 Bg7 6. Nc3 O-O 7. Ne2 Nc6 8. Ng3
Nd7 9. Bxg7 Kxg7 10. Be2 e5 11. fxe5 Ndxe5 12. O-O b6 13. a3 Qc7 14. Nxe5 Qxe5
15. Bf3 Bb7 16. Rc1 Rad8 17. Qe1 Ne7 18. Qe2 Ng8 19. Qb5 Rd6 20. a4 a6 21. Qe2
Nf6 22. Rf2 Ne4 23. Nxe4 dxe4 24. Bg4 f5 25. Qf1 Rfd8 26. Be2 Rxd2 27. Bxa6
Rxf2 28. Kxf2 Rd2+ 29. Kg1 Bc6 30. Qf4 Qb2 31. Rf1 Qxc2 32. Qe5+ Kh6 33. Qf4+
g5 34. Qg3 Kg6 35. Bc4 f4 36. Rxf4 Rd1+ 1/2-1/2

[Event "Sparkassen-Open B"]
[Site "Heusenstamm, Martinsee"]
[Date "2018.11.24"]
[Round "4.42"]
[White "Denz, Markus"]
[Black "Martin, Peter"]
[Result "1/2-1/2"]
[WhiteElo "1580"]
[BlackElo "1319"]
[PlyCount "83"]
[EventDate "2018.??.??"]
[WhiteTeam "SC Hattersheim"]
[BlackTeam "SC Wittlich"]

1. d4 e6 2. Nf3 d5 3. c4 c5 4. e3 Nc6 5. Nc3 b6 6. cxd5 exd5 7. Bb5 Nge7 8. Ne5
Qd6 9. Qf3 Be6 10. O-O a6 11. Bxc6+ Nxc6 12. Nxc6 Qxc6 13. Bd2 Be7 14. Rac1 c4
15. b3 b5 16. Ne2 O-O 17. Nf4 Rac8 18. Rfe1 f5 19. Nxe6 Qxe6 20. bxc4 bxc4 21.
Qe2 Bh4 22. Bb4 Rfe8 23. Qc2 Qg6 24. Bc5 Re6 25. Rb1 h5 26. a4 Be7 27. Bxe7
Rxe7 28. a5 Re6 29. h3 Rcc6 30. Rb8+ Kh7 31. Reb1 h4 32. Kf1 f4 33. Qxg6+ Kxg6
34. exf4 c3 35. Rc1 Rc4 36. Rb6 Kf7 37. Rxe6 Kxe6 38. Ke2 Rxd4 39. Rxc3 Rxf4
40. Rc6+ Ke5 41. Rxa6 g5 42. Ra8 1/2-1/2

[Event "Sparkassen-Open B"]
[Site "Heusenstamm, Martinsee"]
[Date "2018.11.24"]
[Round "4.43"]
[White "Stepanov, Maximilian"]
[Black "Cromm, Mika"]
[Result "1-0"]
[WhiteElo "1416"]
[BlackElo "1350"]
[PlyCount "35"]
[EventDate "2018.??.??"]
[WhiteTeam "SK Gräfelfing"]
[BlackTeam "TuS Löhnberg"]

1. d4 d5 2. c4 e6 3. Nc3 Nf6 4. Nf3 c6 5. Bf4 Nbd7 6. e3 Be7 7. h3 O-O 8. Bd3
b6 9. O-O Bb7 10. cxd5 Nxd5 11. Nxd5 cxd5 12. Rc1 Bf6 13. Rc7 Rb8 14. Qa4 b5
15. Qxa7 e5 16. dxe5 Nxe5 17. Bxe5 Bxe5 18. Rxb7 1-0

[Event "Sparkassen-Open B"]
[Site "Heusenstamm, Martinsee"]
[Date "2018.11.24"]
[Round "4.44"]
[White "Nimrichter, Christian"]
[Black "Urbach, Jens"]
[Result "1/2-1/2"]
[WhiteElo "1378"]
[BlackElo "1546"]
[PlyCount "111"]
[EventDate "2018.??.??"]
[WhiteTeam "VSG Offenbach"]
[BlackTeam "SF Frankfurt"]

1. Nf3 Nc6 2. d4 d5 3. c4 e6 4. Bf4 Bb4+ 5. Nc3 dxc4 6. e4 Nge7 7. Bxc4 O-O 8.
O-O h6 9. e5 Bxc3 10. bxc3 Ng6 11. Be3 Nce7 12. a4 a6 13. Bb3 b6 14. Bc2 Bb7
15. Nd2 Nh4 16. Ne4 Nhf5 17. Bc1 Ng6 18. Qg4 Qh4 19. Qxh4 Ngxh4 20. f3 Ng6 21.
a5 Bxe4 22. Bxe4 Ra7 23. g3 b5 24. Bxf5 exf5 25. Ba3 Rd8 26. f4 Rb7 27. Rfe1
Re8 28. Rab1 c6 29. Re2 Nf8 30. Bxf8 Kxf8 31. h4 h5 32. Rb4 Rc7 33. Rb1 Re6 34.
Reb2 g6 35. Kf2 Rd7 36. Ke3 Re8 37. Rd2 Red8 38. Rbd1 Rd5 39. Rd3 Rb8 40. Rb1
Rdd8 41. Kd2 Ke7 42. Kc2 Ke6 43. Rd2 Rdc8 44. Kb3 Rd8 45. Kb4 Rd5 46. Rbb2 Rbd8
47. Rdc2 Rc8 48. Rc1 c5+ 49. dxc5 Rcxc5 50. c4 Rxc4+ 51. Rxc4 bxc4 52. Kxc4
Rxa5 53. Rb6+ Ke7 54. Rb7+ Ke8 55. Rb8+ Ke7 56. Rb7+ 1/2-1/2

[Event "Sparkassen-Open B"]
[Site "Heusenstamm, Martinsee"]
[Date "2018.11.24"]
[Round "4.45"]
[White "Laznik, Zeljko"]
[Black "Welker, Alexandra"]
[Result "1/2-1/2"]
[WhiteElo "1523"]
[BlackElo "1308"]
[PlyCount "71"]
[EventDate "2018.??.??"]
[WhiteTeam "SF Heusenstamm"]
[BlackTeam "TuS Makkabi"]

1. e4 e5 2. Nf3 Nc6 3. Nc3 Nf6 4. Bc4 Nxe4 5. Nxe4 d5 6. Bxd5 Qxd5 7. Nc3 Qa5
8. a3 Bg4 9. h3 Bh5 10. g4 Bg6 11. Nh4 O-O-O 12. Nxg6 hxg6 13. d3 Bb4 14. Bd2
Bxc3 15. Bxc3 Qd5 16. Rg1 Rxh3 17. Kd2 e4 18. d4 Nxd4 19. Kc1 e3 20. Bxd4 Qxd4
21. Qxd4 Rxd4 22. fxe3 Rxe3 23. b3 Ree4 24. g5 Rg4 25. Rxg4 Rxg4 26. Kb2 Rxg5
27. Rh1 Rh5 28. Rg1 Rf5 29. Rh1 Rh5 30. Rg1 g5 31. Kc3 f5 32. Kd4 Kd7 33. Ke5
f4 34. Ke4 Ke6 35. c4 f3 36. Ke3 1/2-1/2

[Event "Sparkassen-Open B"]
[Site "Heusenstamm, Martinsee"]
[Date "2018.11.24"]
[Round "4.46"]
[White "Englert, Lin"]
[Black "Bosse, Christian"]
[Result "1/2-1/2"]
[WhiteElo "1294"]
[BlackElo "1520"]
[PlyCount "59"]
[EventDate "2018.??.??"]
[WhiteTeam "TV-Großostheim"]
[BlackTeam "SF Nordost Berlin"]

1. e4 Nf6 2. Nc3 d5 3. exd5 Nxd5 4. Bc4 Nxc3 5. bxc3 Bf5 6. Nf3 e6 7. O-O Be7
8. Bb3 Nc6 9. d4 O-O 10. Bf4 Na5 11. Qe2 c6 12. Rfd1 Nxb3 13. cxb3 Bf6 14. Be5
Qe7 15. Bxf6 Qxf6 16. Ne5 Qe7 17. Re1 h6 18. Nc4 Qg5 19. Qe3 Qxe3 20. Rxe3 Rfd8
21. Rc1 b6 22. Ne5 Rd6 23. Rce1 Re8 24. Nc4 Rdd8 25. Ne5 Rd6 26. Nd3 Bxd3 27.
Rxd3 Rd5 28. Re5 Red8 29. Rde3 Kf8 30. Rxd5 1/2-1/2

[Event "Sparkassen-Open B"]
[Site "Heusenstamm, Martinsee"]
[Date "2018.11.24"]
[Round "4.47"]
[White "Hahnenstein, Leon"]
[Black "Solovej, Philip"]
[Result "0-1"]
[WhiteElo "1505"]
[BlackElo "1131"]
[PlyCount "104"]
[EventDate "2018.??.??"]
[WhiteTeam "SC Herborn"]
[BlackTeam "SK Gründau"]

1. e4 e5 2. Nf3 Nc6 3. Bc4 Bc5 4. d3 Nge7 5. c3 d6 6. Be3 Bb6 7. O-O O-O 8.
Nbd2 Be6 9. Bb3 Qd7 10. Re1 Kh8 11. Nf1 Bg4 12. Ng3 f5 13. exf5 Nxf5 14. Bxb6
axb6 15. Bc2 Nxg3 16. fxg3 Rf6 17. Rf1 Ne7 18. h3 Bxf3 19. Rxf3 Raf8 20. Rxf6
Rxf6 21. Qh5 Ng6 22. Re1 Qf7 23. d4 exd4 24. cxd4 d5 25. g4 Kg8 26. Bb3 c6 27.
Qg5 Nf4 28. Qe5 Re6 29. Qb8+ Qf8 30. Qxf8+ Kxf8 31. Rf1 Rf6 32. Rd1 Ne2+ 33.
Kh2 Rf4 34. Bc2 g6 35. Rd3 Rxd4 36. Rf3+ Rf4 37. Rxf4+ Nxf4 38. Kg3 Ne2+ 39.
Kf2 Nd4 40. Bd3 Ke7 41. Ke3 Ne6 42. g3 Kd6 43. h4 Ke5 44. b3 d4+ 45. Kf3 Nc5
46. Ke2 Nxd3 47. Kxd3 b5 48. a3 c5 49. h5 g5 50. h6 Kd5 51. Kc2 Ke4 52. Kd2 c4
0-1

[Event "Sparkassen-Open B"]
[Site "Heusenstamm, Martinsee"]
[Date "2018.11.24"]
[Round "4.48"]
[White "Griesfeller, Sven"]
[Black "Moldenhauer, Lennart"]
[Result "1/2-1/2"]
[WhiteElo "1332"]
[BlackElo "1488"]
[PlyCount "49"]
[EventDate "2018.??.??"]
[WhiteTeam "SG Wächtersbach"]
[BlackTeam "SV Oberursel"]

1. e4 c5 2. Nf3 Nc6 3. Bb5 e6 4. O-O Nge7 5. d4 cxd4 6. Nxd4 d5 7. exd5 Qxd5 8.
Nxc6 Nxc6 9. Qxd5 exd5 10. Nc3 Be6 11. Bf4 Be7 12. Rfe1 O-O-O 13. a3 h6 14.
Rad1 Bf6 15. Bxc6 bxc6 16. Be5 Bxe5 17. Rxe5 Rhe8 18. Rde1 Kd7 19. Na4 Kd6 20.
b4 Bd7 21. f4 f6 22. Rxe8 Rxe8 23. Rxe8 Bxe8 24. c3 Bg6 25. Kf2 1/2-1/2

[Event "Sparkassen-Open B"]
[Site "Heusenstamm, Martinsee"]
[Date "2018.11.24"]
[Round "4.49"]
[White "Bergmann, Lennart"]
[Black "Kuran, Rainer"]
[Result "1/2-1/2"]
[WhiteElo "1193"]
[BlackElo "1469"]
[PlyCount "101"]
[EventDate "2018.??.??"]
[WhiteTeam "VSG Offenbach"]
[BlackTeam "Karlsruher SF"]

1. e4 c6 2. d4 d5 3. e5 Bf5 4. h4 h6 5. g4 Bd7 6. Bd3 e6 7. Be3 Qb6 8. Qc1 c5
9. dxc5 Bxc5 10. Bxc5 Qxc5 11. Qe3 Qb4+ 12. Nd2 Qxb2 13. Rb1 Qxa2 14. Rxb7 Nc6
15. Qc5 Qa1+ 16. Ke2 Qxe5+ 17. Kd1 Rb8 18. Rxb8+ Qxb8 19. Ne2 Nge7 20. Bb5 O-O
21. h5 Qc7 22. g5 Nf5 23. Bd3 Qe5 24. Nf3 Qa1+ 25. Nc1 Qa5 26. Qxa5 Nxa5 27.
Ne5 Ba4 28. Rg1 hxg5 29. Rxg5 f6 30. Rg4 Be8 31. Ng6 Bxg6 32. Rxg6 Ne7 33. Rg3
Nac6 34. h6 g5 35. f4 Nf5 36. Rg1 Kh7 37. fxg5 fxg5 38. Rxg5 Kxh6 39. Rg1 Nb4
40. Rh1+ Kg5 41. Bb5 Ne3+ 42. Kd2 Nexc2 43. Rg1+ Kf6 44. Ba4 Nd4 45. Kc3 Na2+
46. Kxd4 Nxc1 47. Rxc1 Rf7 48. Rf1+ Ke7 49. Rxf7+ Kxf7 50. Ke5 Ke7 51. Bc6
1/2-1/2

[Event "Sparkassen-Open B"]
[Site "Heusenstamm, Martinsee"]
[Date "2018.11.24"]
[Round "4.50"]
[White "Giebitz, Walter"]
[Black "Richter, Tim"]
[Result "1/2-1/2"]
[WhiteElo "1464"]
[BlackElo "1118"]
[PlyCount "31"]
[EventDate "2018.??.??"]
[WhiteTeam "SC Steinbach"]
[BlackTeam "SF Heidesheim"]

1. e4 e6 2. Nf3 d5 3. exd5 exd5 4. Be2 Nf6 5. O-O Bd6 6. d4 O-O 7. Be3 Nc6 8.
Nc3 Bf5 9. Bg5 h6 10. Bxf6 Qxf6 11. Nxd5 Qe6 12. Bc4 Na5 13. Nxc7 Qxc4 14. Nxa8
Rxa8 15. c3 Nc6 16. h3 1/2-1/2

[Event "Sparkassen-Open B"]
[Site "Heusenstamm, Martinsee"]
[Date "2018.11.24"]
[Round "4.51"]
[White "Eckhoff, Mathias"]
[Black "Tobias, Karolin"]
[Result "1-0"]
[WhiteElo "1463"]
[BlackElo "924"]
[PlyCount "67"]
[EventDate "2018.??.??"]
[WhiteTeam "SK Hungen"]
[BlackTeam "SV Oberursel"]

1. e4 e5 2. Nf3 Nc6 3. Bc4 Bc5 4. c3 Nf6 5. d3 d6 6. O-O Bg4 7. Nbd2 d5 8. exd5
Nxd5 9. Re1 O-O 10. Qb3 Nb6 11. Nxe5 Nxe5 12. Rxe5 Qd6 13. d4 Bxd4 14. cxd4
Qxd4 15. Re3 Rfe8 16. Bxf7+ Kh8 17. Rxe8+ Rxe8 18. Bxe8 Qe5 19. Qe3 Qxe3 20.
fxe3 Nd5 21. Ne4 h6 22. Bd2 Bf5 23. Ng3 Bd3 24. Rd1 c6 25. Bf7 Ne7 26. Bb4 Bg6
27. Bxe7 Bxf7 28. a3 Bg6 29. Rd7 Kh7 30. Rxb7 a6 31. Bf8 a5 32. Rxg7+ Kh8 33.
Rxg6 a4 34. Ne4 1-0

[Event "Sparkassen-Open B"]
[Site "Heusenstamm, Martinsee"]
[Date "2018.11.24"]
[Round "4.53"]
[White "Tarini, Jagadeesh"]
[Black "Schneider, Ferdinand"]
[Result "0-1"]
[WhiteElo "1016"]
[BlackElo "1449"]
[PlyCount "136"]
[EventDate "2018.??.??"]
[WhiteTeam "Singapore"]
[BlackTeam "Elberfelder SG"]
[WhiteTeamCountry "SIN"]

1. d4 d5 2. Nf3 Nf6 3. e3 Bf5 4. c3 e6 5. Bd3 Bg6 6. Bxg6 fxg6 7. O-O Bd6 8.
Nbd2 O-O 9. Re1 Nbd7 10. e4 c6 11. e5 Bxe5 12. dxe5 Ne8 13. Nd4 Qe7 14. Qg4 Nc7
15. N2f3 c5 16. Ne2 Qf7 17. Qh3 Nxe5 18. Bf4 Nxf3+ 19. gxf3 Na6 20. Kh1 Qf6 21.
Rg1 e5 22. Bg5 Qxf3+ 23. Qxf3 Rxf3 24. Rg3 Rxf2 25. Rg2 Rxg2 26. Kxg2 Rf8 27.
Be7 Re8 28. Bd6 Re6 29. Bxe5 Rxe5 30. Ng3 Nc7 31. Rf1 Ne6 32. Nh1 Rg5+ 33. Kf3
Rf5+ 34. Kg2 Rxf1 35. Kxf1 Kf7 36. Ke2 Kf6 37. Ng3 Ke5 38. Kf3 Ng5+ 39. Ke3 Ne4
40. Ne2 g5 41. Nc1 d4+ 42. cxd4+ cxd4+ 43. Kd3 Nc5+ 44. Ke2 d3+ 45. Nxd3+ Nxd3
46. Kxd3 h5 47. Ke3 g4 48. h4 gxh3 49. Kf2 h4 50. Kg1 g5 51. Kf1 Kd4 52. b4 Kc4
53. a3 Kb3 54. Kg1 Kxa3 55. Kh2 g4 56. Kg1 g3 57. Kh1 Kxb4 58. Kg1 a5 59. Kf1
a4 60. Ke2 h2 61. Ke3 h1=Q 62. Kf4 g2 63. Kg5 g1=Q+ 64. Kf6 Qc5 65. Ke6 Qhc6+
66. Kf7 Q5d5+ 67. Ke7 Qdd7+ 68. Kf8 Qcc8# 0-1

[Event "Sparkassen-Open B"]
[Site "Heusenstamm, Martinsee"]
[Date "2018.11.24"]
[Round "4.54"]
[White "Miranda Martin, Pablo Mateo"]
[Black "Martin, Lukas"]
[Result "0-1"]
[WhiteElo "1736"]
[BlackElo "1439"]
[PlyCount "90"]
[EventDate "2018.??.??"]
[WhiteTeam "SV Walldorf"]
[BlackTeam "SC Bad Soden"]

1. d4 d5 2. c4 e6 3. Bf4 Nf6 4. a3 c5 5. e3 Nc6 6. Nf3 cxd4 7. exd4 Bd6 8. Bxd6
Qxd6 9. c5 Qc7 10. Nc3 O-O 11. Bd3 b6 12. b4 bxc5 13. bxc5 e5 14. dxe5 Nxe5 15.
O-O Nxd3 16. Qxd3 Qxc5 17. Qd4 Qxd4 18. Nxd4 Ba6 19. Rfe1 Rfe8 20. Rxe8+ Rxe8
21. Ncb5 Bxb5 22. Nxb5 a5 23. f3 Rd8 24. Rd1 Kf8 25. Kf2 Ke7 26. Ke3 Ke6 27.
Kd4 Rb8 28. Kc5 Nd7+ 29. Kc6 Rb6+ 30. Kc7 Rxb5 31. Re1+ Ne5 32. f4 f6 33. fxe5
fxe5 34. Kc6 Rb3 35. a4 Rb4 36. Re2 e4 37. Kc5 Ke5 38. g3 d4 39. Re1 e3 40. Rf1
e2 41. Rf8 Ke4 42. Re8+ Kd3 43. h4 Kd2 44. g4 e1=Q 45. Rxe1 Kxe1 0-1

[Event "Sparkassen-Open B"]
[Site "Heusenstamm, Martinsee"]
[Date "2018.11.24"]
[Round "4.56"]
[White "Homfeldt, Maren"]
[Black "Hölß, Silas"]
[Result "0-1"]
[WhiteElo "1211"]
[BlackElo "1483"]
[PlyCount "68"]
[EventDate "2018.??.??"]
[WhiteTeam "SC Noris-Tarrasch Nürnberg"]
[BlackTeam "SSG Hungen-Lich"]

1. g3 f5 2. d3 Nf6 3. Bg2 g6 4. Nf3 Bg7 5. c3 O-O 6. Qb3+ Kh8 7. Ne5 d5 8. Be3
b6 9. Qb4 c5 10. Nxg6+ hxg6 11. Qh4+ Kg8 12. Nd2 Bb7 13. Bh6 e5 14. Nf3 Nfd7
15. Ng5 Bf6 16. Bg7 Bxg5 17. Qh8+ Kf7 18. Qh7 Bf6 19. Bxf8+ Kxf8 20. Qh6+ Bg7
21. Qxg6 Qf6 22. Qxf6+ Nxf6 23. O-O e4 24. dxe4 dxe4 25. Rad1 Nc6 26. Rd6 Ke7
27. Rfd1 Ne5 28. f4 Nc4 29. Rxf6 Bxf6 30. Rb1 Rg8 31. Bh3 Bc8 32. g4 Rh8 33.
Kg2 fxg4 34. Bxg4 Ne3+ 0-1

[Event "Sparkassen-Open B"]
[Site "Heusenstamm, Martinsee"]
[Date "2018.11.24"]
[Round "4.57"]
[White "Al-Butmeh, Firas"]
[Black "Hegmann, Kolja"]
[Result "1/2-1/2"]
[WhiteElo "1401"]
[BlackElo "1614"]
[PlyCount "44"]
[EventDate "2018.??.??"]
[WhiteTeam "SV Lahn Limburg"]
[BlackTeam "TuS Makkabi"]

1. e4 e6 2. d4 d5 3. exd5 exd5 4. Nf3 Nf6 5. Bd3 c5 6. c3 Nc6 7. h3 Qb6 8. Qc2
cxd4 9. Nxd4 Nxd4 10. cxd4 Qxd4 11. Be3 Bb4+ 12. Nd2 Bxd2+ 13. Qxd2 Qe5 14. O-O
O-O 15. Bd4 Qd6 16. Rac1 b6 17. Rfe1 Re8 18. Qc2 Ne4 19. f3 Qb4 20. Bc3 Qc5+
21. Kh2 Qd6+ 22. Kg1 Qc5+ 1/2-1/2

[Event "Sparkassen-Open B"]
[Site "Heusenstamm, Martinsee"]
[Date "2018.11.24"]
[Round "4.58"]
[White "Jansen, Nora"]
[Black "Krieger, Roy"]
[Result "1-0"]
[WhiteElo "1433"]
[BlackElo "1312"]
[PlyCount "99"]
[EventDate "2018.??.??"]
[WhiteTeam "SVG Plettenberg"]
[BlackTeam "Muldental Wilkau-Haßlau"]

1. c4 e6 2. g3 d5 3. Bg2 Nf6 4. Nf3 Nc6 5. d3 dxc4 6. dxc4 Qxd1+ 7. Kxd1 Bc5 8.
e3 O-O 9. Ke2 Bd7 10. a3 a5 11. Nc3 Ne7 12. Ne5 Bc6 13. Nxc6 bxc6 14. Rd1 Rad8
15. h3 Rxd1 16. Kxd1 Bd6 17. Na4 Rd8 18. Ke2 c5 19. Bd2 Nd7 20. Bxa5 Ne5 21. b3
Rb8 22. f4 Nd7 23. Rd1 Nb6 24. Nxb6 cxb6 25. Bc3 Rd8 26. Be5 Nc8 27. Bb7 f6 28.
Bxc8 fxe5 29. Bxe6+ Kf8 30. fxe5 Bc7 31. Rxd8+ Bxd8 32. g4 Bc7 33. Kf3 Bxe5 34.
Ke4 Bb2 35. a4 Ke7 36. Kd5 Bc1 37. e4 Bf4 38. Bc8 Be3 39. Kc6 Kd8 40. Bb7 Bd4
41. Kxb6 Kd7 42. a5 Be5 43. Kxc5 Kc7 44. a6 Bd6+ 45. Kd5 Bf8 46. c5 Be7 47. b4
Bd8 48. b5 Kb8 49. Kc6 g6 50. b6 1-0

[Event "Sparkassen-Open B"]
[Site "Heusenstamm, Martinsee"]
[Date "2018.11.24"]
[Round "4.59"]
[White "Klein, Simon"]
[Black "Werner, Florin"]
[Result "0-1"]
[WhiteElo "1377"]
[BlackElo "1234"]
[PlyCount "58"]
[EventDate "2018.??.??"]
[WhiteTeam "SK Hungen"]
[BlackTeam "VSG Offenbach"]

1. e4 e5 2. Bc4 Nc6 3. Nf3 Bc5 4. b4 Bxb4 5. c3 Ba5 6. Qb3 Qe7 7. O-O d6 8. d4
h6 9. dxe5 dxe5 10. Ba3 Qf6 11. Kh1 Bb6 12. Nfd2 Nge7 13. f4 Be6 14. fxe5 Qxe5
15. Bxe6 Qxe6 16. Qc2 O-O 17. Rf3 Rfd8 18. Rg3 Ng6 19. Nf3 Rd7 20. Nbd2 Rad8
21. Rf1 Nf4 22. Bc1 Ne2 23. Rh3 Nxc1 24. Rxc1 Be3 25. Rd1 b5 26. g3 Qxh3 27. e5
Bxd2 28. Rxd2 Rxd2 29. Nxd2 Rxd2 0-1

[Event "Sparkassen-Open B"]
[Site "Heusenstamm, Martinsee"]
[Date "2018.11.24"]
[Round "4.60"]
[White "Gräf, Roman Konrad"]
[Black "Papadopoulos, Leon"]
[Result "0-1"]
[WhiteElo "1171"]
[BlackElo "1329"]
[PlyCount "40"]
[EventDate "2018.??.??"]
[WhiteTeam "SV Frankfurt Nord"]
[BlackTeam "SV Oberursel"]

1. d4 d5 2. Bf4 Nf6 3. e3 e6 4. Nf3 Bd6 5. Bd3 Bxf4 6. exf4 Nh5 7. g3 Nc6 8.
Ne5 Nxd4 9. Qxh5 Qf6 10. Qd1 Nc6 11. Nxc6 bxc6 12. Qe2 Qxb2 13. O-O Qxa1 14. c3
Rb8 15. Qc2 Rb2 16. Na3 Rxc2 17. Rxa1 Rxc3 18. Ba6 Bxa6 19. Nb1 Rc1+ 20. Kg2
Bd3 0-1

[Event "Sparkassen-Open B"]
[Site "Heusenstamm, Martinsee"]
[Date "2018.11.24"]
[Round "4.61"]
[White "Tobias, Franziska Ylvi"]
[Black "Schwab, Tizian"]
[Result "0-1"]
[WhiteElo "797"]
[BlackElo "1318"]
[PlyCount "92"]
[EventDate "2018.??.??"]
[WhiteTeam "SV Oberursel"]
[BlackTeam "TV-Großostheim"]

1. e4 e5 2. Nf3 Nc6 3. Bc4 Bc5 4. c3 d6 5. d4 exd4 6. cxd4 Bb4+ 7. Bd2 Bxd2+ 8.
Nbxd2 Bg4 9. O-O Nxd4 10. Re1 Ne7 11. Qa4+ Ndc6 12. Ng5 O-O 13. Qc2 h6 14. Ngf3
Ng6 15. e5 Ngxe5 16. Nxe5 Nxe5 17. Bb3 Re8 18. Qe4 Nf3+ 19. Nxf3 Rxe4 20. Rxe4
Bxf3 21. gxf3 Kf8 22. Rf4 Qg5+ 23. Rg4 Qe5 24. Rb1 Qf5 25. Re1 Qxf3 26. Rg3 Qf6
27. Rge3 g6 28. Ba4 b5 29. Bd1 Qg5+ 30. Rg3 Qd5 31. Rf3 a5 32. Kg2 a4 33. Bc2
Kg7 34. Bd1 Qxa2 35. Kf1 Qxb2 36. Rg3 a3 37. Bh5 a2 38. Re7 a1=Q+ 39. Kg2 Qf6
40. Rxg6+ Qxg6+ 41. Bxg6 Kxg6 42. Re6+ fxe6 43. h4 Rf8 44. Kh3 Rxf2 45. Kg3
Qg1+ 46. Kh3 Rh2# 0-1

[Event "Sparkassen-Open B"]
[Site "Heusenstamm, Martinsee"]
[Date "2018.11.24"]
[Round "5.1"]
[White "Haftmann, Rainer"]
[Black "Füssel, Jan Michael"]
[Result "0-1"]
[WhiteElo "1693"]
[BlackElo "1766"]
[PlyCount "142"]
[EventDate "2018.??.??"]
[WhiteTeam "SG Dietzenbach"]
[BlackTeam "VSG Offenbach"]

1. e4 c5 2. Nf3 e6 3. d4 cxd4 4. Nxd4 Nc6 5. a3 Nf6 6. Nc3 Be7 7. Be2 O-O 8.
O-O a6 9. Be3 Qc7 10. f4 d6 11. Qd2 Bd7 12. Bf3 Rac8 13. Nxc6 Bxc6 14. Rad1
Rfd8 15. Qf2 Nd7 16. Rd2 b5 17. Rfd1 Qb7 18. Bd4 f6 19. Bg4 Kf7 20. Kh1 Nf8 21.
Bf3 Rb8 22. f5 b4 23. axb4 Qxb4 24. fxe6+ Nxe6 25. b3 Nxd4 26. Qxd4 Qxd4 27.
Rxd4 Rdc8 28. R4d2 f5 29. Nd5 Bxd5 30. exd5 Bf6 31. g4 Rc3 32. Kg2 fxg4 33.
Bxg4 Rb4 34. Be2 Bg5 35. Rf1+ Ke7 36. Rd3 Rxc2 37. Rf2 Re4 38. Bf3 Rxf2+ 39.
Kxf2 Rb4 40. h3 Bf6 41. Bg4 Bd4+ 42. Ke2 Bc5 43. Be6 Rf4 44. Rf3 g5 45. Rxf4
gxf4 46. Kf3 Be3 47. Bg8 h6 48. Ke4 Kf6 49. h4 Kg6 50. Be6 Kh5 51. Kf3 Kxh4 52.
Bc8 a5 53. Bf5 Kg5 54. Bh3 Kf6 55. Ke4 Ke7 56. Bg4 Kd8 57. Kf5 Kc7 58. Bf3 Kb6
59. Kg6 Kc5 60. Kf5 Kb4 61. Bd1 f3 62. Bxf3 Kxb3 63. Ke4 Bc5 64. Bd1+ Kb4 65.
Kd3 a4 66. Kc2 Kc4 67. Bf3 a3 68. Kb1 Kd3 69. Bh5 Ke4 70. Bf7 Kf5 71. Bh5 Kg5
0-1